Laboratory fundamentals of microbiology (Record no. 28950)

MARC details
000 -LEADER
fixed length control field 00508nam a2200181Ia 4500
008 - FIXED-LENGTH DATA ELEMENTS--GENERAL INFORMATION
fixed length control field 230917s9999||||xx |||||||||||||| ||und||
020 ## - ISBN
Price USD70
040 ## - CATALOGING SOURCE
-- 251418
Original cataloging agency VIVEKANANDA LIBRARY
041 ## - Language
-- English
082 ## - DDC NUMBER
Classification number 579 P16L(11)
100 ## - MAIN ENTRY--PERSONAL NAME
Personal name Pommerville, Jeffrey C
245 #0 - TITLE STATEMENT
Title Laboratory fundamentals of microbiology
250 ## - EDITION STATEMENT
Edition statement 11th ed.
260 ## - PUBLICATION, DISTRIBUTION, ETC. (IMPRINT)
Place of publication, distribution, etc Burlington
Name of publisher, distributor, etc Jones and Bartlett Learning
Date of publication, distribution, etc 2018
300 ## - PHYSICAL DESCRIPTION
Pages xvii, 552 p.
500 ## - GENERAL NOTE
General note 3321 05/11/2018 HBD18/7546 22/11/2018 Main Budget
942 ## - ADDED ENTRY ELEMENTS (KOHA)
Koha item type Books
Holdings
Withdrawn status Lost status Damaged status Not for loan Location (home branch) Sublocation or collection (holding branch) Date acquired Koha issues (times borrowed) Koha full call number Accession No. Koha date last seen Koha item type
        VIVEKANANDA LIBRARY VIVEKANANDA LIBRARY 13/12/2018   579 P16L(11) 381554 17/09/2023 Books
© Designed and Maintained by Vivekananda Library, MDU Rohtak